[Event "Deutsche Ländermeisterschaft 2023"]
[Site "Hannover GER"]
[Date "2023.10.03"]
[Round "5"]
[White "Weihrauch, Jakob"]
[Black "Albert, Markus"]
[Result "1/2-1/2"]
[Termination "normal"]
[Board "4.1"]
[WhiteTitle "FM"]
[WhiteElo "2308"]
[BlackElo "2160"]
[WhiteClock "00:09:26"]
[BlackClock "00:21:26"]
[WhiteTeam "Hamburg"]
[BlackTeam "Bayern"]
[PlyCount "71"]
[WhiteFideId "16210115"]
[BlackFideId "16292626"]
[EventCountry "GER"]
[EventRounds "7"]
[EventType "team-swiss"]
[EventDate "2023.09.30"]

1. e4 {[%clk 01:30:57]} {[%emt 00:00:02]} e5 {[%clk 01:30:34]} {[%emt
00:00:26]} 2. Nf3 {[%clk 01:31:21]} {[%emt 00:00:06]} Nc6 {[%clk 01:30:08]}
{[%emt 00:00:56]} 3. Bb5 {[%clk 01:31:38]} {[%emt 00:00:13]} Nf6 {[%clk
01:20:59]} {[%emt 00:09:39]} 4. d3 {[%clk 01:31:27]} {[%emt 00:00:41]} Bc5
{[%clk 01:21:07]} {[%emt 00:00:21]} 5. Bxc6 {[%clk 01:31:44]} {[%emt 00:00:14]}
dxc6 {[%clk 01:21:29]} {[%emt 00:00:07]} 6. O-O {[%clk 01:31:23]} {[%emt
00:00:52]} Qe7 {[%clk 01:20:47]} {[%emt 00:01:12]} 7. Nbd2 {[%clk 01:30:39]}
{[%emt 00:01:14]} O-O {[%clk 01:20:19]} {[%emt 00:00:58]} 8. a3 {[%clk
01:23:37]} {[%emt 00:07:32]} Re8 {[%clk 01:18:11]} {[%emt 00:02:37]} 9. b4
{[%clk 01:22:10]} {[%emt 00:01:57]} Bd6 {[%clk 01:17:41]} {[%emt 00:01:00]} 10.
Nc4 {[%clk 01:21:38]} {[%emt 00:01:03]} Nd7 {[%clk 01:15:05]} {[%emt 00:03:06]}
11. Bb2 {[%clk 01:16:31]} {[%emt 00:05:37]} f6 {[%clk 01:12:56]} {[%emt
00:02:38]} 12. Nh4 {[%clk 01:05:24]} {[%emt 00:11:38]} Nb6 {[%clk 01:05:38]}
{[%emt 00:07:48]} 13. Nf5 {[%clk 00:53:53]} {[%emt 00:12:01]} Bxf5 {[%clk
00:59:53]} {[%emt 00:06:14]} 14. Nxb6 {[%clk 00:50:50]} {[%emt 00:03:34]} axb6
{[%clk 00:56:57]} {[%emt 00:03:25]} 15. exf5 {[%clk 00:51:05]} {[%emt
00:00:16]} Qf7 {[%clk 00:52:26]} {[%emt 00:05:00]} 16. Qg4 {[%clk 00:48:31]}
{[%emt 00:03:05]} c5 {[%clk 00:50:45]} {[%emt 00:02:10]} 17. bxc5 {[%clk
00:35:32]} {[%emt 00:13:30]} Bxc5 {[%clk 00:49:41]} {[%emt 00:01:34]} 18. a4
{[%clk 00:34:31]} {[%emt 00:01:32]} Ra6 {[%clk 00:48:38]} {[%emt 00:01:32]} 19.
h4 {[%clk 00:30:02]} {[%emt 00:05:01]} h5 {[%clk 00:42:48]} {[%emt 00:06:19]}
20. Qe4 {[%clk 00:27:52]} {[%emt 00:02:40]} c6 {[%clk 00:42:26]} {[%emt
00:00:51]} 21. Rfe1 {[%clk 00:25:23]} {[%emt 00:03:00]} Rea8 {[%clk 00:42:18]}
{[%emt 00:00:37]} 22. d4 {[%clk 00:23:40]} {[%emt 00:02:14]} exd4 {[%clk
00:40:13]} {[%emt 00:02:34]} 23. Bxd4 {[%clk 00:21:45]} {[%emt 00:02:25]} Rxa4
{[%clk 00:40:12]} {[%emt 00:00:32]} 24. Rxa4 {[%clk 00:17:31]} {[%emt
00:04:43]} Rxa4 {[%clk 00:40:40]} {[%emt 00:00:02]} 25. c3 {[%clk 00:17:46]}
{[%emt 00:00:16]} Bxd4 {[%clk 00:35:05]} {[%emt 00:06:06]} 26. cxd4 {[%clk
00:18:15]} Ra8 {[%clk 00:34:59]} {[%emt 00:00:36]} 27. Qb1 {[%clk 00:16:28]}
{[%emt 00:02:17]} b5 {[%clk 00:35:14]} {[%emt 00:00:15]} 28. Re6 {[%clk
00:16:33]} {[%emt 00:00:25]} Rd8 {[%clk 00:34:05]} {[%emt 00:01:39]} 29. Qe4
{[%clk 00:16:16]} {[%emt 00:00:47]} Qd7 {[%clk 00:34:05]} {[%emt 00:00:30]} 30.
Qe2 {[%clk 00:15:36]} {[%emt 00:01:09]} b4 {[%clk 00:28:02]} {[%emt 00:06:34]}
31. Qxh5 {[%clk 00:13:21]} {[%emt 00:02:45]} b3 {[%clk 00:27:33]} {[%emt
00:00:59]} 32. Qe2 {[%clk 00:12:59]} {[%emt 00:00:51]} b5 {[%clk 00:25:54]}
{[%emt 00:02:09]} 33. Qd1 {[%clk 00:08:09]} {[%emt 00:05:20]} Qd5 {[%clk
00:24:43]} {[%emt 00:01:41]} 34. Qh5 {[%clk 00:08:32]} {[%emt 00:00:07]} Rf8
{[%clk 00:22:53]} {[%emt 00:02:21]} 35. Re7 {[%clk 00:09:01]} {[%emt 00:00:01]}
b2 {[%clk 00:21:26]} {[%emt 00:01:56]} 36. Rxg7+ {[%clk 00:09:26]} {[%emt
00:00:06]} 1/2-1/2

[Event "Deutsche Ländermeisterschaft 2023"]
[Site "Hannover GER"]
[Date "2023.10.03"]
[Round "5"]
[White "Lohr, Maximilian"]
[Black "Avdic, Faris"]
[Result "0-1"]
[Termination "normal"]
[Board "4.2"]
[WhiteElo "2063"]
[BlackElo "2106"]
[WhiteClock "00:23:29"]
[BlackClock "00:51:03"]
[WhiteTeam "Bayern"]
[BlackTeam "Hamburg"]
[PlyCount "64"]
[WhiteFideId "12999717"]
[BlackFideId "14422328"]
[EventCountry "GER"]
[EventRounds "7"]
[EventType "team-swiss"]
[EventDate "2023.09.30"]

1. d4 {[%clk 01:30:51]} {[%emt 00:00:07]} Nf6 {[%clk 01:30:51]} {[%emt
00:00:09]} 2. c4 {[%clk 01:31:11]} {[%emt 00:00:11]} Nc6 {[%clk 01:31:14]}
{[%emt 00:00:07]} 3. Nf3 {[%clk 01:30:34]} {[%emt 00:01:07]} e6 {[%clk
01:31:36]} {[%emt 00:00:08]} 4. Nc3 {[%clk 01:29:51]} {[%emt 00:01:13]} Bb4
{[%clk 01:31:58]} {[%emt 00:00:08]} 5. e3 {[%clk 01:28:45]} {[%emt 00:01:37]}
O-O {[%clk 01:32:07]} {[%emt 00:00:21]} 6. Bd3 {[%clk 01:27:33]} {[%emt
00:01:42]} d5 {[%clk 01:31:48]} {[%emt 00:00:48]} 7. cxd5 {[%clk 01:26:09]}
{[%emt 00:01:54]} exd5 {[%clk 01:32:02]} {[%emt 00:00:16]} 8. h3 {[%clk
01:25:08]} {[%emt 00:01:31]} a6 {[%clk 01:31:48]} {[%emt 00:00:44]} 9. O-O
{[%clk 01:24:45]} {[%emt 00:00:53]} Re8 {[%clk 01:30:47]} {[%emt 00:01:31]} 10.
Qc2 {[%clk 01:22:10]} {[%emt 00:03:05]} Bd6 {[%clk 01:25:27]} {[%emt 00:05:50]}
11. a3 {[%clk 01:21:21]} {[%emt 00:01:19]} Ne7 {[%clk 01:25:32]} {[%emt
00:00:24]} 12. e4 {[%clk 01:18:27]} {[%emt 00:03:26]} dxe4 {[%clk 01:25:08]}
{[%emt 00:00:54]} 13. Nxe4 {[%clk 01:18:45]} {[%emt 00:00:11]} Nxe4 {[%clk
01:22:34]} {[%emt 00:03:04]} 14. Bxe4 {[%clk 01:18:53]} {[%emt 00:00:22]} h6
{[%clk 01:20:45]} {[%emt 00:02:19]} 15. Bd2 {[%clk 01:12:34]} {[%emt 00:06:49]}
c6 {[%clk 01:20:46]} {[%emt 00:00:29]} 16. Rad1 {[%clk 01:07:06]} {[%emt
00:05:57]} Be6 {[%clk 01:20:11]} {[%emt 00:01:05]} 17. Rfe1 {[%clk 01:06:59]}
{[%emt 00:00:36]} Qb6 {[%clk 01:18:49]} {[%emt 00:01:52]} 18. b4 {[%clk
01:05:32]} {[%emt 00:01:58]} Rad8 {[%clk 01:19:06]} {[%emt 00:00:13]} 19. Ne5
{[%clk 00:54:54]} {[%emt 00:11:08]} Bb8 {[%clk 01:14:33]} {[%emt 00:05:01]} 20.
Bc3 {[%clk 00:52:08]} {[%emt 00:03:18]} Bd5 {[%clk 01:13:33]} {[%emt 00:01:29]}
21. Bb2 {[%clk 00:48:13]} {[%emt 00:04:25]} Qc7 {[%clk 01:07:25]} {[%emt
00:06:37]} 22. g3 {[%clk 00:34:43]} {[%emt 00:14:00]} Bxe4 {[%clk 01:00:32]}
{[%emt 00:07:24]} 23. Rxe4 {[%clk 00:32:41]} {[%emt 00:02:32]} Nd5 {[%clk
00:59:58]} {[%emt 00:01:04]} 24. Rde1 {[%clk 00:31:48]} {[%emt 00:01:23]} Re7
{[%clk 00:58:55]} {[%emt 00:01:33]} 25. Nf3 {[%clk 00:28:42]} {[%emt 00:03:35]}
Rde8 {[%clk 00:58:59]} {[%emt 00:00:26]} 26. Rxe7 {[%clk 00:28:42]} {[%emt
00:00:31]} Rxe7 {[%clk 00:59:22]} {[%emt 00:00:07]} 27. Rxe7 {[%clk 00:29:07]}
{[%emt 00:00:04]} Qxe7 {[%clk 00:59:51]} {[%emt 00:00:01]} 28. Qf5 {[%clk
00:28:08]} {[%emt 00:01:29]} Bxg3 {[%clk 00:49:55]} {[%emt 00:10:26]} 29. fxg3
{[%clk 00:27:26]} {[%emt 00:01:12]} Qe3+ {[%clk 00:50:17]} {[%emt 00:00:08]}
30. Kf1 {[%clk 00:24:07]} {[%emt 00:03:50]} g6 {[%clk 00:50:34]} {[%emt
00:00:13]} 31. Qc8+ {[%clk 00:23:16]} {[%emt 00:01:21]} Kg7 {[%clk 00:50:49]}
{[%emt 00:00:14]} 32. Ne5 {[%clk 00:23:29]} {[%emt 00:00:17]} Qd2 {[%clk
00:51:03]} {[%emt 00:00:16]} 0-1

[Event "Deutsche Ländermeisterschaft 2023"]
[Site "Hannover GER"]
[Date "2023.10.03"]
[Round "5"]
[White "Fuhrmann, Bahne"]
[Black "Bardorz, Jana"]
[Result "1-0"]
[Termination "normal"]
[Board "4.3"]
[WhiteElo "2097"]
[BlackElo "2073"]
[WhiteClock "00:18:34"]
[BlackClock "00:07:35"]
[WhiteTeam "Hamburg"]
[BlackTeam "Bayern"]
[PlyCount "73"]
[WhiteFideId "16244842"]
[BlackFideId "16208897"]
[EventCountry "GER"]
[EventRounds "7"]
[EventType "team-swiss"]
[EventDate "2023.09.30"]

1. d4 {[%clk 01:30:59]} d5 {[%clk 01:30:53]} {[%emt 00:00:08]} 2. c4 {[%clk
01:31:25]} {[%emt 00:00:03]} e6 {[%clk 01:31:17]} {[%emt 00:00:06]} 3. Nf3
{[%clk 01:31:52]} {[%emt 00:00:03]} Nf6 {[%clk 01:31:38]} {[%emt 00:00:10]} 4.
g3 {[%clk 01:32:20]} {[%emt 00:00:03]} Be7 {[%clk 01:31:55]} {[%emt 00:00:13]}
5. Bg2 {[%clk 01:32:45]} {[%emt 00:00:04]} O-O {[%clk 01:32:17]} {[%emt
00:00:08]} 6. O-O {[%clk 01:33:12]} {[%emt 00:00:04]} c6 {[%clk 01:32:34]}
{[%emt 00:00:13]} 7. Nc3 {[%clk 01:33:38]} {[%emt 00:00:03]} Nbd7 {[%clk
01:32:32]} {[%emt 00:00:32]} 8. b3 {[%clk 01:34:04]} {[%emt 00:00:04]} b6
{[%clk 01:31:18]} {[%emt 00:01:44]} 9. Nd2 {[%clk 01:34:30]} {[%emt 00:00:04]}
b5 {[%clk 01:22:12]} {[%emt 00:09:36]} 10. e4 {[%clk 01:32:17]} {[%emt
00:02:43]} dxc4 {[%clk 01:19:43]} {[%emt 00:03:00]} 11. bxc4 {[%clk 01:31:48]}
{[%emt 00:01:00]} bxc4 {[%clk 01:17:16]} {[%emt 00:02:57]} 12. Nxc4 {[%clk
01:32:11]} {[%emt 00:00:06]} Ba6 {[%clk 01:16:41]} {[%emt 00:01:05]} 13. Qa4
{[%clk 01:31:04]} {[%emt 00:01:38]} Bxc4 {[%clk 01:10:02]} {[%emt 00:07:09]}
14. Qxc4 {[%clk 01:30:52]} {[%emt 00:00:42]} Nb6 {[%clk 01:10:06]} {[%emt
00:00:25]} 15. Qd3 {[%clk 01:26:15]} {[%emt 00:05:07]} c5 {[%clk 01:08:24]}
{[%emt 00:02:13]} 16. d5 {[%clk 01:06:52]} {[%emt 00:19:53]} exd5 {[%clk
00:59:35]} {[%emt 00:09:18]} 17. exd5 {[%clk 01:02:05]} {[%emt 00:05:17]} Qd7
{[%clk 00:51:53]} {[%emt 00:08:13]} 18. a4 {[%clk 00:59:28]} {[%emt 00:03:07]}
Rab8 {[%clk 00:47:07]} {[%emt 00:05:16]} 19. a5 {[%clk 00:52:23]} {[%emt
00:07:35]} Nc8 {[%clk 00:45:50]} {[%emt 00:01:46]} 20. Be3 {[%clk 00:46:08]}
{[%emt 00:06:44]} Ng4 {[%clk 00:39:04]} {[%emt 00:07:16]} 21. Rfb1 {[%clk
00:31:25]} {[%emt 00:15:13]} Rxb1+ {[%clk 00:33:09]} {[%emt 00:06:25]} 22. Rxb1
{[%clk 00:31:48]} {[%emt 00:00:07]} Nxe3 {[%clk 00:32:39]} {[%emt 00:01:00]}
23. Qxe3 {[%clk 00:31:47]} {[%emt 00:00:31]} Nd6 {[%clk 00:27:55]} {[%emt
00:05:14]} 24. Qxc5 {[%clk 00:27:07]} {[%emt 00:05:09]} Rc8 {[%clk 00:25:48]}
{[%emt 00:02:37]} 25. Qe3 {[%clk 00:26:23]} {[%emt 00:01:15]} Nc4 {[%clk
00:25:30]} {[%emt 00:00:49]} 26. Qe1 {[%clk 00:24:28]} {[%emt 00:02:25]} Nxa5
{[%clk 00:22:34]} {[%emt 00:03:25]} 27. Bh3 {[%clk 00:23:33]} {[%emt 00:01:26]}
f5 {[%clk 00:14:42]} {[%emt 00:08:21]} 28. Bxf5 {[%clk 00:16:03]} {[%emt
00:08:00]} Qxf5 {[%clk 00:15:02]} {[%emt 00:00:11]} 29. Qxe7 {[%clk 00:16:28]}
{[%emt 00:00:06]} Rxc3 {[%clk 00:13:11]} {[%emt 00:02:20]} 30. Qd8+ {[%clk
00:16:42]} {[%emt 00:00:15]} Qf8 {[%clk 00:08:55]} {[%emt 00:04:46]} 31. Qxa5
{[%clk 00:17:02]} {[%emt 00:00:10]} Qc8 {[%clk 00:06:23]} {[%emt 00:03:02]} 32.
Qxa7 {[%clk 00:16:48]} {[%emt 00:00:45]} Rc1+ {[%clk 00:06:43]} {[%emt
00:00:11]} 33. Rxc1 {[%clk 00:17:15]} {[%emt 00:00:03]} Qxc1+ {[%clk 00:07:07]}
{[%emt 00:00:05]} 34. Kg2 {[%clk 00:17:43]} {[%emt 00:00:02]} Qc4 {[%clk
00:07:01]} {[%emt 00:00:36]} 35. Qb8+ {[%clk 00:17:48]} {[%emt 00:00:25]} Kf7
{[%clk 00:07:22]} {[%emt 00:00:09]} 36. Qf4+ {[%clk 00:18:08]} {[%emt
00:00:10]} Qxf4 {[%clk 00:07:35]} {[%emt 00:00:17]} 37. gxf4 {[%clk 00:18:34]}
{[%emt 00:00:04]} 1-0

[Event "Deutsche Ländermeisterschaft 2023"]
[Site "Hannover GER"]
[Date "2023.10.03"]
[Round "5"]
[White "Stichter, Constantin Paul"]
[Black "Hubert, Charlotte"]
[Result "1-0"]
[Termination "normal"]
[Board "4.4"]
[WhiteElo "1945"]
[BlackElo "1850"]
[WhiteClock "00:04:33"]
[BlackClock "00:00:38"]
[WhiteTeam "Bayern"]
[BlackTeam "Hamburg"]
[PlyCount "133"]
[WhiteFideId "34603140"]
[BlackFideId "16265920"]
[EventCountry "GER"]
[EventRounds "7"]
[EventType "team-swiss"]
[EventDate "2023.09.30"]

1. e4 {[%clk 01:30:58]} {[%emt 00:00:02]} c5 {[%clk 01:30:47]} {[%emt
00:00:13]} 2. Nc3 {[%clk 01:31:22]} {[%emt 00:00:06]} d6 {[%clk 01:31:08]}
{[%emt 00:00:09]} 3. f4 {[%clk 01:31:45]} {[%emt 00:00:07]} g6 {[%clk
01:31:28]} {[%emt 00:00:09]} 4. Nf3 {[%clk 01:32:09]} {[%emt 00:00:05]} Bg7
{[%clk 01:31:40]} {[%emt 00:00:18]} 5. Bb5+ {[%clk 01:32:33]} {[%emt 00:00:06]}
Bd7 {[%clk 01:31:58]} {[%emt 00:00:12]} 6. Bxd7+ {[%clk 01:32:55]} {[%emt
00:00:08]} Qxd7 {[%clk 01:30:08]} {[%emt 00:02:20]} 7. d3 {[%clk 01:33:16]}
{[%emt 00:00:10]} e6 {[%clk 01:27:33]} {[%emt 00:03:06]} 8. O-O {[%clk
01:33:23]} {[%emt 00:00:23]} Ne7 {[%clk 01:27:38]} {[%emt 00:00:24]} 9. Ne2
{[%clk 01:33:26]} {[%emt 00:00:27]} Nbc6 {[%clk 01:24:49]} {[%emt 00:03:18]}
10. c3 {[%clk 01:33:18]} {[%emt 00:00:38]} O-O {[%clk 01:23:49]} {[%emt
00:01:29]} 11. Be3 {[%clk 01:33:16]} {[%emt 00:00:33]} Rab8 {[%clk 01:15:13]}
{[%emt 00:09:07]} 12. Rc1 {[%clk 01:21:50]} {[%emt 00:11:55]} b6 {[%clk
01:07:46]} {[%emt 00:07:57]} 13. Qe1 {[%clk 01:22:08]} {[%emt 00:00:12]} d5
{[%clk 01:03:37]} {[%emt 00:04:39]} 14. Qf2 {[%clk 01:18:02]} {[%emt 00:04:36]}
Rbd8 {[%clk 01:00:08]} {[%emt 00:03:58]} 15. h3 {[%clk 01:04:47]} {[%emt
00:13:45]} c4 {[%clk 00:50:15]} {[%emt 00:10:23]} 16. exd5 {[%clk 01:02:44]}
{[%emt 00:02:33]} Nxd5 {[%clk 00:47:38]} {[%emt 00:03:06]} 17. dxc4 {[%clk
00:58:09]} {[%emt 00:05:06]} Nxe3 {[%clk 00:47:54]} {[%emt 00:00:14]} 18. Qxe3
{[%clk 00:58:36]} {[%emt 00:00:03]} Qd3 {[%clk 00:45:53]} {[%emt 00:02:31]} 19.
Qxd3 {[%clk 00:57:00]} {[%emt 00:02:07]} Rxd3 {[%clk 00:46:07]} {[%emt
00:00:16]} 20. Rcd1 {[%clk 00:57:13]} {[%emt 00:00:17]} Rfd8 {[%clk 00:46:17]}
{[%emt 00:00:19]} 21. Rxd3 {[%clk 00:57:30]} {[%emt 00:00:13]} Rxd3 {[%clk
00:46:34]} {[%emt 00:00:12]} 22. Nc1 {[%clk 00:57:46]} {[%emt 00:00:15]} Rd7
{[%clk 00:37:26]} {[%emt 00:09:38]} 23. Nb3 {[%clk 00:57:21]} {[%emt 00:00:55]}
a5 {[%clk 00:29:31]} {[%emt 00:08:25]} 24. a4 {[%clk 00:55:00]} {[%emt
00:02:51]} Bf8 {[%clk 00:29:32]} {[%emt 00:00:29]} 25. Kf2 {[%clk 00:50:14]}
{[%emt 00:05:15]} Kg7 {[%clk 00:28:51]} {[%emt 00:01:11]} 26. Ke2 {[%clk
00:50:25]} {[%emt 00:00:20]} Kf6 {[%clk 00:28:04]} {[%emt 00:01:18]} 27. Nbd4
{[%clk 00:50:22]} {[%emt 00:00:33]} Nb8 {[%clk 00:17:56]} {[%emt 00:10:37]} 28.
Ne5 {[%clk 00:50:23]} {[%emt 00:00:29]} Rd8 {[%clk 00:17:10]} {[%emt 00:01:16]}
29. Ndc6 {[%clk 00:50:13]} {[%emt 00:00:41]} Nxc6 {[%clk 00:16:52]} {[%emt
00:00:48]} 30. Nxc6 {[%clk 00:50:41]} {[%emt 00:00:02]} Rc8 {[%clk 00:16:09]}
{[%emt 00:01:12]} 31. Ne5 {[%clk 00:49:56]} {[%emt 00:01:16]} Bd6 {[%clk
00:15:28]} {[%emt 00:01:11]} 32. b3 {[%clk 00:49:11]} {[%emt 00:01:15]} Bxe5
{[%clk 00:12:15]} {[%emt 00:03:43]} 33. fxe5+ {[%clk 00:49:35]} {[%emt
00:00:07]} Kxe5 {[%clk 00:12:39]} {[%emt 00:00:05]} 34. Rxf7 {[%clk 00:50:00]}
{[%emt 00:00:05]} h5 {[%clk 00:11:49]} {[%emt 00:01:19]} 35. Rg7 {[%clk
00:49:51]} {[%emt 00:00:40]} Kf6 {[%clk 00:11:34]} {[%emt 00:00:45]} 36. Rb7
{[%clk 00:49:52]} {[%emt 00:00:29]} Rc6 {[%clk 00:11:57]} {[%emt 00:00:07]} 37.
b4 {[%clk 00:49:04]} {[%emt 00:01:19]} Rxc4 {[%clk 00:09:17]} {[%emt 00:03:10]}
38. Kd3 {[%clk 00:42:08]} {[%emt 00:07:26]} Rc6 {[%clk 00:09:27]} {[%emt
00:00:20]} 39. bxa5 {[%clk 00:39:26]} {[%emt 00:03:12]} bxa5 {[%clk 00:09:49]}
{[%emt 00:00:07]} 40. Rb5 {[%clk 00:39:50]} {[%emt 00:00:06]} Ra6 {[%clk
00:08:29]} {[%emt 00:01:51]} 41. c4 {[%clk 00:39:08]} {[%emt 00:01:12]} Ke7
{[%clk 00:25:04]} {[%emt 00:13:54]} 42. Ke4 {[%clk 01:08:58]} {[%emt 00:00:40]}
Kd6 {[%clk 00:20:54]} {[%emt 00:04:40]} 43. c5+ {[%clk 01:07:33]} {[%emt
00:01:57]} Kc6 {[%clk 00:20:13]} {[%emt 00:01:09]} 44. Ke5 {[%clk 01:07:47]}
{[%emt 00:00:16]} Kc7 {[%clk 00:19:43]} {[%emt 00:01:00]} 45. h4 {[%clk
01:05:55]} {[%emt 00:02:23]} Kd7 {[%clk 00:18:18]} {[%emt 00:01:55]} 46. Rb6
{[%clk 01:04:49]} {[%emt 00:01:36]} Ra8 {[%clk 00:15:53]} {[%emt 00:02:55]} 47.
Rxe6 {[%clk 01:04:52]} {[%emt 00:00:27]} Rb8 {[%clk 00:15:25]} {[%emt
00:00:57]} 48. Rb6 {[%clk 01:01:33]} {[%emt 00:03:49]} Re8+ {[%clk 00:15:15]}
{[%emt 00:00:41]} 49. Kd5 {[%clk 01:01:57]} {[%emt 00:00:07]} Rg8 {[%clk
00:12:45]} {[%emt 00:02:59]} 50. Rb7+ {[%clk 01:01:58]} {[%emt 00:00:30]} Kc8
{[%clk 00:13:06]} {[%emt 00:00:09]} 51. Rh7 {[%clk 00:55:41]} {[%emt 00:06:46]}
g5 {[%clk 00:13:01]} {[%emt 00:00:36]} 52. g3 {[%clk 00:53:24]} {[%emt
00:02:47]} gxh4 {[%clk 00:13:25]} {[%emt 00:00:05]} 53. gxh4 {[%clk 00:53:53]}
{[%emt 00:00:01]} Rg4 {[%clk 00:13:46]} {[%emt 00:00:09]} 54. Rxh5 {[%clk
00:54:15]} {[%emt 00:00:08]} Rxa4 {[%clk 00:14:08]} {[%emt 00:00:08]} 55. Kc6
{[%clk 00:54:36]} {[%emt 00:00:09]} Kd8 {[%clk 00:06:47]} {[%emt 00:07:51]} 56.
Rh8+ {[%clk 00:54:44]} {[%emt 00:00:22]} Ke7 {[%clk 00:07:08]} {[%emt
00:00:08]} 57. h5 {[%clk 00:54:56]} {[%emt 00:00:18]} Rh4 {[%clk 00:06:20]}
{[%emt 00:01:18]} 58. h6 {[%clk 00:52:50]} {[%emt 00:02:37]} a4 {[%clk
00:06:37]} {[%emt 00:00:13]} 59. Kc7 {[%clk 00:35:14]} {[%emt 00:18:06]} Ke6
{[%clk 00:02:32]} {[%emt 00:04:35]} 60. h7 {[%clk 00:22:14]} {[%emt 00:13:30]}
Kd5 {[%clk 00:02:55]} {[%emt 00:00:07]} 61. c6 {[%clk 00:14:12]} {[%emt
00:08:33]} Kc5 {[%clk 00:02:08]} {[%emt 00:01:16]} 62. Kb7 {[%emt 00:06:35]}
Rb4+ {[%clk 00:02:27]} {[%emt 00:00:06]} 63. Ka7 {[%clk 00:08:05]} {[%emt
00:00:37]} a3 {[%clk 00:02:33]} {[%emt 00:00:25]} 64. Ra8 {[%clk 00:04:37]}
{[%emt 00:03:58]} a2 {[%clk 00:00:39]} {[%emt 00:02:25]} 65. h8=Q {[%clk
00:04:49]} {[%emt 00:00:18]} Rb1 {[%clk 00:00:58]} {[%emt 00:00:10]} 66. Qe5+
{[%clk 00:04:13]} {[%emt 00:01:06]} Kxc6 {[%clk 00:00:38]} {[%emt 00:00:50]}
67. Rc8+ {[%clk 00:04:33]} {[%emt 00:00:10]} 1-0